Hajdani vadon

Bibliographic Details
Main Author: Németh, Zoltán, 1970- (Author)
Format: Article
Language:Hungarian
Subjects:

MARC

LEADER 00000nab a2200000 a 4500
001 vtls000494665
003 SK-MaSNL
005 20260304014237.0
008 241209c1993 xo 0 hun
015 |a SNBRB19rr/mm-uuuuu 
035 |a CL0494803 
040 |a SNKBUCL  |b slo  |c SNKBUCL  |e AACR2 
041 0 |a hun 
044 |a xo  |c SK 
080 |a 894.511 (437.6)-1=945.11  |2 1981 
100 1 |a Németh, Zoltán,  |d 1970-  |4 aut  |9 102330 
245 1 0 |a Hajdani vadon  |c Zoltán Németh 
500 |a Pod spoloč. názvom: Szamovár és mentőöv 
655 7 |a maďarská poézia  |2 snkbucl  |9 70602 
655 7 |a články z novín a časopisov  |2 snkbucl  |9 267496 
655 7 |a články z odboru literárna veda a krásna literatúra  |2 snkbucl  |9 770045 
773 0 |t Irodalmi szemle  |g Roč. 36, č. 7-8 (1993), s. 91 
850 |a Slovenská národná knižnica 
852 |a Slovenská národná knižnica 
958 |a RK 
958 |a HU 
958 |a LX 
992 |a RBX 
999 |c 2582813  |d 2584743